Catálogo

Reflexiones en torno a la historiografía contemporánea : (Registro nro. 30315)

Detalles MARC
000 -LEADER
fixed length control field 01328cam a2200349 i 4500
001 - CONTROL NUMBER
control field 30315
003 - CONTROL NUMBER IDENTIFIER
control field Mx-PuUPA
005 - DATE AND TIME OF LATEST TRANSACTION
control field 20250319130923.0
008 - FIXED-LENGTH DATA ELEMENTS--GENERAL INFORMATION
fixed length control field 140415s2002 mx gr 000 0 spa d
020 ## - INTERNATIONAL STANDARD BOOK NUMBER
International Standard Book Number 9703100546
040 ## - CATALOGING SOURCE
Transcribing agency Mx-PuUPA
Original cataloging agency Mx-PuUPA
Language of cataloging spa
Modifying agency Mx-PuUPA
Description conventions rda
041 0# - LANGUAGE CODE
Language code of text/sound track or separate title spa
110 ## - MAIN ENTRY--CORPORATE NAME
Corporate name or jurisdiction name as entry element Universidad Autónoma Metropolitana
Relator term autor
245 10 - TITLE STATEMENT
Title Reflexiones en torno a la historiografía contemporánea :
Remainder of title objetos, fuentes y usos del pasado /
Statement of responsibility, etc. Universidad Autónoma Metropolitana ; José Ronzón y Saúl Jerónimo, coordinadores ; con la colaboración de Carlos Martínez
250 ## - EDITION STATEMENT
Edition statement Primera edición
264 #1 - PRODUCTION, PUBLICATION, DISTRIBUTION, MANUFACTURE, AND COPYRIGHT NOTICE
Place of production, publication, distribution, manufacture México, D.F. :
Name of producer, publisher, distributor, manufacturer Universidad Autónoma Metropolitana,
Date of production, publication, distribution, manufacture, or copyright notice 2002
300 ## - PHYSICAL DESCRIPTION
Extent 384 páginas ;
Dimensions 23 cm
336 ## - CONTENT TYPE
Fuente rdacontent
Content type term texto
Content type code txt
337 ## - MEDIA TYPE
Source rdamedia
Media type term sin medio
Media type code n
338 ## - CARRIER TYPE
Source rdacarrier
Carrier type term volumen
Carrier type code nc
490 0# - SERIES STATEMENT
Series statement Biblioteca de Ciencias Sociales y Humanidades
490 0# - SERIES STATEMENT
Series statement Historia
490 0# - SERIES STATEMENT
Series statement Historiografía
650 #7 - SUBJECT ADDED ENTRY--TOPICAL TERM
Source of heading or term armarc
Topical term or geographic name entry element Historiografía
700 1# - ADDED ENTRY--PERSONAL NAME
Personal name Ronzón, José,
Relator term coordinador
700 1# - ADDED ENTRY--PERSONAL NAME
Personal name Jerónimo, Saúl,
Relator term coordinador
700 1# - ADDED ENTRY--PERSONAL NAME
Personal name Martínez, Carlos,
Relator term colaborador
942 ## - ADDED ENTRY ELEMENTS (KOHA)
Source of classification or shelving scheme Dewey Decimal Classification
Koha item type Libro
Classification part 907.2
Item part R33
Existencias
Withdrawn status Lost status Source of classification or shelving scheme Damaged status Not for loan Collection code Home library Current library Shelving location Date acquired Source of acquisition Total Checkouts Full call number Barcode Date last seen Price effective from Koha item type
    Dewey Decimal Classification     General Biblioteca Karol Wojtyla Biblioteca Karol Wojtyla Sala general 03/12/2013 Donación   907.2 R33 2002 48772 05/01/2026 03/12/2013 Libro